000 00769cam a2200193 4500
005 20250708102944.0
008 030917s2002 Ag 000 0 spa u
020 _a9505085788
050 0 4 _aKHA5437
_bF54 2002
100 1 _aFierro, Guillermo Julio
245 1 0 _aCausalidad e imputación
_b : Caso fortuito, Imputación objetiva, Tentativa, Delitos de omisión, culposos y preterintencionales, Causalidad científica, Delito imposible
_c / Guillermo Julio Fierro.
250 _a1a ed.
260 _aBuenos Aires :
_bAstrea de Alfredo y Ricardo Depalma,
_c2002
300 _axxiv, 511 p. ;
_c23 cm.
504 _aBibliografía : p. 473-485 e índice
650 7 _aDerecho penal
_zArgentina
650 7 _aDerecho penal
_xCausalidad
_zArgentina
942 _2lcc
_cLIB
999 _c133798
_d133798